1412 1861 1943 1124 1082 1530 1100 1823 1592 1291 1273 1048 1962 1769 1957 1707 1713 1060 1904 1527 1352 1906 1232 1822 1897 1801 1805 1963 1787 1039 1278 1111 1314 1647 1356 1203 1230 1160 1839 1287 1094 1906 1938 1666 1600 1468 1451 1870 1751 1983 1690 1815 1296 1383 1958 1870 1759 1952 1643 1420 1322 1120 1467 1538 1506 1325 1707 1115 1116 1136 1169 1126 1781 1624 1695 1667 1933 1790 1778 1618 1848 1479 1083 1556 1094 1273 1699 1191 1477 1904 1860 1187 1359 1191 1304 1421 1753 1706 1495 BCNSPRNW ULIB Ver.6.0+V

เปลี่ยนเป็นภาษาไทย

Change to English
 แสดงรายละเอียดบรรณานุกรม
  กลับหน้าหลัก

Brief Record : Get Marc (ISO 2709) : E-mail record : QR code < ปิดหน้าต่าง
LEADER : 00000nam 2200000uu 4500
001    13399112075
003     ULIB
008    110627s2552||||th 000 0 tha d
099    วจ.WM172^bป446ศ
100 0  ปราณี ศรีสรรพพางค์
245 00 ศึกษาความสัมพันธ์ระหว่างความเครียดและการปรับตัวในการสอบขึ้นทะเบียน เพื่อรับใบประกอบวิชาชีพจากสภาการพยาบาล/^cปราณี ศรีสรรพพางค์
260    นครสวรรค์ :^bวิทยาลัยพยาบาลบรมราชชนนี สวรรค์ประชารักษ์ นครสวรรค์,^c2552
300    109 หน้า
650  7 วิทยาลัยพยาบาลบรมราชชนนี สวรรค์ประชารักษ์ นครสวรรค์
650  7 วิชาชีพพยาบาล
945    ^p0^l0^i026530
945    ^p0^l0^i027781
945    ^p0^l0^i033088
945    ^p0^l0^i034651
995    ทศพร
999 ^a ใช้งานได้ทุกระบบ
รายการนี้ยังไม่มีแท็ก
คุณยังไม่ได้ล็อกอิน คุณสามารถมีกิจกรรมร่วมกับเว็บไซต์ได้ แต่ต้องล็อกอินก่อน ::
  ล็อกอิน

รายการสื่อสารสนเทศ

ลำดับที่ ประเภท เลขเรียก/บาร์โค้ด สถานที่ สถานะ
1. งานวิจัย
งานวิจัย
วจ.WM172 ป446ศ ฉ.3 
  Barcode: 033088
ห้องสมุดวิทยาเขตสวรรค์ประชารักษ์
►วิจัย
บนชั้น
2. งานวิจัย
งานวิจัย
วจ.WM172 ป446ศ ฉ.4 
  Barcode: 034651
ห้องสมุดวิทยาเขตสวรรค์ประชารักษ์
►วิจัย
บนชั้น

รายการใกล้เคียง
    ผู้แต่ง [ปราณี ศรีสรรพพางค์]

    หัวเรื่อง [วิทยาลัยพยาบาลบรมราชชนนี สวรรค์ประชารักษ์ นครสวรรค์]
    หัวเรื่อง [วิชาชีพพยาบาล]

BibComment


ยังไม่เคยถูกคอมเมนท์

คอมเมนท์ทรัพยากรรายการนี้
  คอมเมนท์: ศึกษาความสัมพันธ์..


 Copyright 2026. Bcnsprnw @Library